[Event "Leitersdorf Region-ch"]
[Site "Leitersdorf"]
[Date "2015.01.02"]
[Round "1"]
[White "Friesacher, Wolfgang"]
[Black "Sackl, Ernst"]
[Result "1/2-1/2"]
[WhiteElo "1406"]
[BlackElo "1784"]
[PlyCount "105"]
[EventDate "2015.01.02"]
[EventType "swiss"]
[EventRounds "5"]
[EventCountry "AUT"]
[SourceTitle "CBM 164 Extra"]
[Source "ChessBase"]
[SourceDate "2015.03.02"]
[SourceVersion "1"]
[SourceVersionDate "2015.03.02"]
[SourceQuality "1"]

1. c4 c5 2. g3 Nc6 3. Bg2 e5 4. Nc3 Nf6 5. e3 d6 6. Nge2 Be7 7. 0-0 Be6 8. b3 Qd7 9. d4 Bh3 10. dxc5 Bxg2 11. Kxg2 dxc5 12. Qxd7+ Nxd7 13. Nd5 Rc8 14. Bb2 f6 15. Rad1 Nb6 16. Nxe7 Kxe7 17. Nc3 Rhd8 18. Ne4 Nb4 19. a3 Na6 20. Nc3 Nc7 21. Ne4 Ne6 22. Rxd8 Rxd8 23. Rc1 Nd7 24. h4 h6 25. Nc3 Nb6 26. Rd1 Rxd1 27. Nxd1 Nd8 28. f4 exf4 29. exf4 Nc6 30. Bc3 h5 31. Ne3 g6 32. g4 hxg4 33. Nxg4 Nd7 34. Ne3 Ke6 35. Kf3 Ne7 36. Ke4 b6 37. b4 f5+ 38. Kd3 Kd6 39. Ke2 a6 40. Kd3 Kc6 41. Ke2 b5 42. Kd3 bxc4+ 43. Nxc4 Nd5 44. Bd2 cxb4 45. axb4 N5f6 46. Ne5+ Nxe5+ 47. fxe5 Ne4 48. Be3 Kd5 49. Bd4 f4 50. e6 Nd6 51. e7 Ne8 52. Bf2 Ke6 53. Kc4 1/2-1/2